| 000 | 00485nam a22001457a 4500 | ||
|---|---|---|---|
| 003 | 0 | ||
| 005 | 20221128100951.0 | ||
| 008 | 221128b xxu||||| |||| 00| 0 eng d | ||
| 050 |
_aHD525 _b.T66 2019 |
||
| 245 |
_aAPTsecure technologies' web-based stockless purchasing system _cJose Enrico B. Tomas |
||
| 260 |
_aLas Pinas City, Philippines _bSouthville International School and Colleges _cC2019 |
||
| 300 |
_axiii,200pp. _c28cm. _fTheses |
||
| 500 | _aPurchasing system. | ||
| 942 |
_2lcc _cTH |
||
| 999 |
_c364910 _d364910 |
||